000 00861nam a2200241Ia 4500
003 OSt
005 20220923220344.0
006 a|||||r|||| 00| 0
007 ta
008 220922b |||||||| |||| 00| 0 hin d
024 _a186,118
037 _cTextual
040 _aARTS
_cARTS
_bhin
041 _2hin
_ahin
082 _aY72:3.2, 152M0
100 _aशर्मा, ब्रहम देव
245 0 _aआदिवासी विकास
_b एक सैद्धान्ति निकेतन
246 _aĀdivāsī vikāsa: ek saiddhānti niketana
260 _aभोपाल
_b मध्यप्रदेश हिन्दी गं्रथ अकादमी
_c1980
300 _a273 पृ.
_ccm.
942 _hY72:3.2, 152M0
_cTEXL
_2CC
999 _c339363
_d339363